| 000 | 00519nam a22001817a 4500 | ||
|---|---|---|---|
| 003 | CEME | ||
| 005 | 20210628203716.0 | ||
| 008 | 210126b xxu||||| |||| 00| 0 eng d | ||
| 020 | _a81-203-2213-4 | ||
| 040 | _c. | ||
| 082 | _a005.8 KAU | ||
| 100 |
_aKaufman, Charlie:Perlman, Radia:Speciner, Mike _966962 |
||
| 245 | _aNetwork security;private communication in a public world | ||
| 260 |
_aNEW DELHI _bPRENTICE HALL OF INDIA _c2003 |
||
| 300 | _aXXVI,713P | ||
| 650 |
_aNETWORK SECURITY _960225 |
||
| 942 |
_cBK _2ddc |
||
| 999 |
_c574820 _d574820 |
||